000 00335nam a2200145Ia 4500
008 230718s9999 xx 000 0 und d
041 _aEng.
082 _a345
_bLOV-F
100 _aLoveland, ian
245 0 _aFrontiess of Cioninality
260 _aPakistan
_bSweet and Moudle
_c1995
300 _a257
650 _aLaw
999 _c28430
_d28430